01071 2200325 4500001002100000005001500021035002000036007000300056008004100059020002200100082001800122084002000140100003700160245014200197250002000339300004800359700003700407504003300444651005400477264003200531336002100563337003000584338002300614040002200637090002400659090002100683850001200704041000800716990002100724INLIS00000000084533320190402115316 a0010-0419000192ta190402s2019 yoia g ind d a978-623-209-046-004223a959.81233 a959.81233 HAR l3 aHarahap, Hanifd1988-ePengarang1 aLaskar revolusioner Sumatera Timur :bdari revolusi sosial di Simalungun sampai kudeta gubernur Sumatera /cHanif Harahap, Dini Ramadhani aCetakan pertama ax, 152 halaman :btabel, ilustrasi ;c20 cm0 aDini Ramadhanid1989-ePengarang aBibliografi: halaman 145-151 4aSimalungun, Sumatera Timur--ySejarah -- Revolusi aSleman :bDeepublish,c2019 2rdacontentateks 2rdamediaatanpa perantara 2rdacarrieravolume aYOPDYOGbinderda aDEP 959.81233 HAR l aCB-D.11 2019-058 aYOPDYOG0 aind aCB-D.11/2019-058